000 00807nam a2200121Ia 4500
008 220620s9999||||xx |||||||||||||| ||und||
245 0 _aChapter 34 Digital Learning for Development of Asian Schools
546 _aEnglish[eng]
650 _astate||digital learning||asia||education||state||digital learning||asia||education||Creative Commons license||Developing country||Gamification||Intelligent tutoring system||Lifelong learning||Massive open online course||Race and ethnicity in the United States Census
700 _aJ. Kennedy, Kerry||Chi-Kin Lee, John||Ping Lim, Cher
856 _uhttps://library.oapen.org/bitstream/20.500.12657/30005/1/650133.pdf||https://library.oapen.org/bitstream/20.500.12657/30005/1/650133.pdf||https://library.oapen.org/bitstream/20.500.12657/30005/1/650133.pdf
942 _cEB
999 _c33544
_d33544